Biopharmaceutics and Pharmacokinetics (Record no. 13505)

MARC details
000 -LEADER
fixed length control field 00430nam a22001697a 4500
003 - CONTROL NUMBER IDENTIFIER
control field OSt
008 - FIXED-LENGTH DATA ELEMENTS--GENERAL INFORMATION
fixed length control field 250503b |||||||| |||| 00| 0 eng d
020 ## - INTERNATIONAL STANDARD BOOK NUMBER
International Standard Book Number 9789384266981
082 ## - DEWEY DECIMAL CLASSIFICATION NUMBER
Classification number 615.7 ALT
100 ## - MAIN ENTRY--PERSONAL NAME
Personal name Ali, Javed
245 ## - TITLE STATEMENT
Title Biopharmaceutics and Pharmacokinetics
260 ## - PUBLICATION, DISTRIBUTION, ETC. (IMPRINT)
Place of publication, distribution, etc Delhi
Name of publisher, distributor, etc Birla
Date of publication, distribution, etc 2026
300 ## - PHYSICAL DESCRIPTION
Extent xi,268
650 ## - SUBJECT ADDED ENTRY--TOPICAL TERM
Topical term or geographic name as entry element Biopharmaceutics and Pharmacokinetics
700 ## - ADDED ENTRY--PERSONAL NAME
Personal name Baboota, Sanjula
942 ## - ADDED ENTRY ELEMENTS (KOHA)
Source of classification or shelving scheme Dewey Decimal Classification
Koha item type Text Books
Holdings
Withdrawn status Lost status Source of classification or shelving scheme Damaged status Not for loan Collection code Home library Current library Date acquired Source of acquisition Currency Cost, normal purchase price Bill Number Total Checkouts Full call number Acc. no. / Barcode Date last seen Actual Cost, discounted price Bill Date Koha item type
    Dewey Decimal Classification     B.Pharma PIET C-LIBRARY PIET C-LIBRARY 03/05/2025 Zafaa Books Distributres Rs 320.00 ZBD0089   615.7 ALT BP2820 03/05/2025 224.00 02/05/2025 Reference Books
    Dewey Decimal Classification     B.Pharma PIET C-LIBRARY PIET C-LIBRARY 03/05/2025 Zafaa Books Distributres Rs 320.00 ZBD0089   615.7 ALT BP2821 03/05/2025 224.00 02/05/2025 Text Books
    Dewey Decimal Classification     B.Pharma PIET C-LIBRARY PIET C-LIBRARY 03/05/2025 Zafaa Books Distributres Rs 320.00 ZBD0089   615.7 ALT BP2822 03/05/2025 224.00 02/05/2025 Text Books

Design & Developed by: PIET Central Library
R70 Miles Stone Pattikalyana Samalkha Panipat 132102
mail ID :- [email protected], Phone No:- 0180-2569700 Ex.216